|
|
|
|
| LEADER |
00000nam2a2200000 4500 |
| 001 |
378656 |
| 005 |
20231102013024.0 |
| 035 |
|
|
|a (RuTPU)RU\TPU\retro\36113
|
| 035 |
|
|
|a RU\TPU\retro\36112
|
| 090 |
|
|
|a 378656
|
| 100 |
|
|
|a 20230607d1957 k y0rusy50 ca
|
| 101 |
0 |
|
|a rus
|
| 102 |
|
|
|a RU
|
| 105 |
|
|
|a a z 001zy
|
| 200 |
0 |
|
|a Вып. 23
|f отв. ред. Н, Д. Луневский
|
| 210 |
|
|
|d 1957
|
| 215 |
|
|
|a 146 с.
|c ил.
|
| 320 |
|
|
|a Библиогр. в конце ст.
|
| 461 |
|
1 |
|0 (RuTPU)RU\TPU\retro\36249
|t Труды института НИГРИЗолото
|f Научно-исследовательский горно-разведочный институт золота
|v Вып. 23
|d 1956-1957
|
| 606 |
1 |
|
|a Золоторудные месторождения
|2 stltpush
|3 (RuTPU)RU\TPU\subj\11877
|9 38756
|
| 610 |
1 |
|
|a геология
|
| 610 |
1 |
|
|a золото
|
| 610 |
1 |
|
|a горное дело
|
| 610 |
1 |
|
|a промышленная оценка
|
| 610 |
1 |
|
|a алмазные месторождения
|
| 610 |
1 |
|
|a понизители твердости
|
| 610 |
1 |
|
|a перфораторное бурение
|
| 610 |
1 |
|
|a крепкие руды
|
| 610 |
1 |
|
|a респираторы
|
| 610 |
1 |
|
|a пылеулавливание
|
| 610 |
1 |
|
|a обогащение
|
| 610 |
1 |
|
|a гидроциклоны
|
| 610 |
1 |
|
|a цианистые растворы
|
| 610 |
1 |
|
|a десорбция
|
| 610 |
1 |
|
|a химический анализ
|
| 610 |
1 |
|
|a радиоактивные изотопы
|
| 610 |
1 |
|
|a шлихтовая платина
|
| 675 |
|
|
|a 553.411
|v 3
|
| 702 |
|
1 |
|a Луневский
|b Н, Д.
|4 340
|
| 801 |
|
1 |
|a RU
|b 63413507
|c 20051123
|g PSBO
|
| 801 |
|
2 |
|a RU
|b 63413507
|c 20230614
|g PSBO
|
| 942 |
|
|
|c BK
|